000 00741nas a2200253 4500
001 BR2012002637
003 BR-BrBNA
005 20231205120433.0
007 ta
008 230509b bl.|||p| |||| 00| 00por d
040 _aBR-BrBNA
_bpor
_cBiblioteca Nacional de Agricultura
041 _a(Pt)
072 _aF03
100 1 _aPeske, F.B.
100 1 _aNovembre, A.D. da L.C.
245 1 _aCondicionamento fisiológico de sementes de milheto
650 _aMILHETO
650 _aSEMENTE
650 _aTEOR DE UMIDADE
650 _aPLÂNTULA
773 0 _tRevista Brasileira de Sementes (Brazil)
_xISSN 0101-3122
_g(Dec 2010), v. 32(4) p. 132-142
_wBR2012002637
909 _a202311
_bLúcia
_c55
_dLúcia Elande
942 _2AGRIS
_n0
_cANA
999 _c218498
_d218498